Quick Pick: Game of Thrones Cast Quiz Stats

 Plays Quiz Updated Aug 20, 2017

Challenge
Share
Tweet
Embed
Score 0/12 Timer 01:00
2 Plays Today
% Correct
Emilia Clarke
94%
Kit Harington
93.8%
Peter Dinklage
93.8%
Lena Headey
90.9%
Maisie Williams
90.8%
Sophie Turner
89.6%
Natalie Dormer
88%
Nikolaj Coster-Waldau
87.3%
Michelle Fairley
83.8%
Alfie Allen
83.7%
John Bradley
79.9%
Stephen Dillane
75.2%

Today's Daily Dose

Missing Word
'F' Pairs

Word Ladder
Mixed Synonyms

On This Day
August 15th II

You're not logged in!

Compare scores with friends on all Sporcle quizzes.
Join for Free
OR
Log In

You Might Also Like...

Show Comments

Extras

Top Quizzes Today


Score Distribution

Your Account Isn't Verified!

In order to create a playlist on Sporcle, you need to verify the email address you used during registration. Go to your Sporcle Settings to finish the process.

Report this User

Report this user for behavior that violates our Community Guidelines.

Details: